00570nam a22002177a 450000500170000001000110001702000100002803500110003803700160004904000120006508200170007724500800009424600060017426000440018027000210022430000250024550000190027065000190028965000280030870000160033620170124110254.0 a404728 c00.00 a404728 bCen Lib/Ret aDPLbEN a393.803bOXF aThe oxford dictionary of nursery rhymes /cedited by Iona [and] Peter Opie  b  bLondon aOxford university press c1962 aLondon bLondon  axxvii,467p.c20m(Hb) aIncludes index aNursery rhymes zNursery rhymes, English aPeter Opie